000 00526nam a2200169 a 4500
001 000017083
005 20200929165021.0
008 100317s1985 dr a 000 0 spa d
040 _aDO-SdBNP
_bspa
_cBNPHU
082 _axxx
_bR789d
100 1 _aRosario, Fe María
_918958
245 1 0 _aDescripción del niño de 0-6 años /
_cMaría Fe Rosario.
260 _aSantiago de los Caballeros
_fNacional
_c1985.
300 _a136 p. :
_bil. ;
_c22 cm.
504 _aIncluye referencias bibliográficas ( p. 135-136)
049 _aBNPD
999 _c16609
_d16609